Cows, Missing Milk Markets, and Nutrition in Rural Ethiopia (Record no. 109313)

000 -LEADER
fixed length control field 00479pab a2200181 454500
008 - FIXED-LENGTH DATA ELEMENTS--GENERAL INFORMATION
fixed length control field 180718b2015 xxu||||| |||| 00| 0 eng d
100 ## - MAIN ENTRY--PERSONAL NAME
Personal name Hoddinott, John
245 ## - TITLE STATEMENT
Title Cows, Missing Milk Markets, and Nutrition in Rural Ethiopia
260 ## - PUBLICATION, DISTRIBUTION, ETC.
Date of publication, distribution, etc. 2015
300 ## - PHYSICAL DESCRIPTION
Extent p.958-975.
362 ## - DATES OF PUBLICATION AND/OR SEQUENTIAL DESIGNATION
Dates of publication and/or sequential designation Aug
650 ## - SUBJECT ADDED ENTRY--TOPICAL TERM
Topical term or geographic name entry element Nutrition - Ethiopia
650 ## - SUBJECT ADDED ENTRY--TOPICAL TERM
Topical term or geographic name entry element Nutrition
700 ## - ADDED ENTRY--PERSONAL NAME
Personal name Dereje, Mekdim
700 ## - ADDED ENTRY--PERSONAL NAME
Personal name Headey, Derek
773 ## - HOST ITEM ENTRY
Main entry heading Journal of Development Studies
909 ## -
-- 109318
Holdings
Withdrawn status Lost status Damaged status Not for loan Permanent Location Current Location Date acquired Serial Enumeration / chronology Barcode Date last seen Price effective from Koha item type
        Indian Institute of Public Administration Indian Institute of Public Administration 2018-07-19 Volume no: 51, Issue no: 8 AR109778 2018-07-19 2018-07-19 Articles

Powered by Koha